000 00867 a2200217 4500
003 Nust
005 20230306113406.0
010 _a 75019439
020 _a0913232203 :
040 _cNust
082 0 0 _a333.709794,CAL
110 2 _aCalifornia Land-Use Task Force.
_9109826
245 1 4 _aThe California land :
_bplanning for people : the report of the California Land-Use Task Force /
_csponsored by the Planning and Conservation Foundation.
260 _aLos Altos, Calif. :
_bW. Kaufmann,
_c[1975]
300 _a96 p. :
_bill. ;
_c28 cm.
505 _aIntroduction (Page-8), Land Use Planning Agencies (Page-13), Issues And Finding (Page-31), Recommendation (Page-83).
650 0 _aEnvironmental policy
_zCalifornia.
_9109827
650 0 _aRegional planning
_zCalifornia.
_9109828
710 2 _aPlanning and Conservation Foundation.
_9109829
942 _2ddc
_cBK
999 _c184322
_d184322